Vidrios y vidrieras / (Record no. 175521)

MARC details
000 -LEADER
campo de control de longitud fija 00699nam a2200229 i 4500
001 - NÚMERO DE CONTROL
campo de control 175521
003 - IDENTIFICADOR DE NÚMERO DE CONTROL
campo de control ES-MaACL
005 - FECHA Y HORA DE LA ÚLTIMA TRANSACCIÓN
campo de control 20230906215836.0
007 - CAMPO FIJO DE DESCRIPCIÓN FÍSICA--INFORMACIÓN GENERAL
campo de control de longitud fija t|
008 - DATOS DE LONGITUD FIJA--INFORMACIÓN GENERAL
campo de control de longitud fija 101103s1942 sp a r ||||1| spa d
080 ## - NÚMERO DE LA CLASIFICACIÓN DECIMAL UNIVERSAL
Número de la Clasificación Decimal Universal 748(460)
100 1# - ENTRADA PRINCIPAL--NOMBRE DE PERSONA
Nombre de persona Pérez Bueno, Luis.
9 (RLIN) 90681
245 10 - MENCIÓN DEL TÍTULO
Título Vidrios y vidrieras /
Mención de responsabilidad, etc. por Luis Pérez Bueno.
260 ## - PUBLICACIÓN, DISTRIBUCIÓN, ETC.
Lugar de publicación, distribución, etc. Barcelona :
Nombre del editor, distribuidor, etc. Alberto Martín,
Fecha de publicación, distribución, etc. 1942.
300 ## - DESCRIPCIÓN FÍSICA
Extensión 277, [50] p. de lám. bl. y n. ;
Dimensiones 22 cm.
490 1# - MENCIÓN DE SERIE
Mención de serie Artes decorativas españolas
650 04 - PUNTO DE ACCESO ADICIONAL DE MATERIA--TÉRMINO DE MATERIA
Término de materia o nombre geográfico como elemento de entrada Vidrio artístico-
Subdivisión geográfica España.
9 (RLIN) 17804
650 #4 - PUNTO DE ACCESO ADICIONAL DE MATERIA--TÉRMINO DE MATERIA
Término de materia o nombre geográfico como elemento de entrada Vidrieras.
9 (RLIN) 136982
830 0# - PUNTO DE ACCESO ADICIONAL DE SERIE-TÍTULO UNIFORME
Título uniforme Artes decorativas españolas
9 (RLIN) 189797
852 ## - LOCALIZACIÓN
Ubicación ES-MaACL
Número de control de estantería E-13410
Encuadernación Olim P-915
Holdings
Estatus retirado Estado de pérdida Estado de daño No para préstamo Biblioteca de origen Biblioteca actual Ubicación en estantería Fecha de adquisición Fuente de adquisición Total de préstamos Signatura topográfica completa Código de barras Visto por última vez Precio de reemplazo Tipo de ítem Koha
        Biblioteca del Ateneo de Madrid Biblioteca del Ateneo de Madrid Depósito 2 03/11/2010     E-13410 1184296 23/02/2023 23/02/2023 Libro impreso